| 000 | 00583nam a2200193 a 4500 | ||
|---|---|---|---|
| 001 | 000035810 | ||
| 005 | 20200930074630.0 | ||
| 008 | 111114s1987 sp ac 000 0 spa d | ||
| 020 | _a8432956112 | ||
| 040 |
_aDO-SdBNP _bspa _cBNPHU |
||
| 082 |
_axxxx _bC837i |
||
| 100 | 1 |
_aCosta, Joan _961368 |
|
| 245 | 1 | 0 |
_aImagen global : _bevolución del diseño de identidad / _cJoan Costa. |
| 260 |
_aBarcelona : _bils, retrs, _c1987. |
||
| 300 |
_a262 p. ; _c26 cm. |
||
| 490 | 1 | _aEnciclopedia del diseño | |
| 504 | _aBibliografía : p. 261-262 | ||
| 830 | 0 |
_aEnciclopedia del diseño _961369 |
|
| 999 |
_c35301 _d35301 |
||